Technická mechanika : Mechanika hmotného bodu s úvodem do vektorového počtu /

Gespeichert in:
Bibliographische Detailangaben
1. Verfasser: Felber, Viktor (Verfasst von)
Format: Buch
Sprache:Tschechisch
Veröffentlicht: Praha : Technicko-vědecké vydavatelství, 1951
Schlagworte:
Tags: Tag hinzufügen
Keine Tags, Fügen Sie das erste Tag hinzu!

MARC

LEADER 00000nam a22000003a 4500
001 stu36026
005 20150617225730.8
008 920520s1951----cs------------------cze-d
040 |a STU  |b slo 
041 0 |a cze 
044 |a cs 
080 |a 531.8 
100 1 |a Felber, Viktor  |4 aut 
245 1 |a Technická mechanika :  |b Mechanika hmotného bodu s úvodem do vektorového počtu /  |c [aut.]Viktor Felber 
260 |a Praha :  |b Technicko-vědecké vydavatelství,  |c 1951 
300 |a 204 s 
650 7 |a Mechanika technická  |2 stusub 
996 |b 284M036569  |c M*1216-1  |l MMKN  |s A  |a 24  |w stu36026_0001 
996 |b 284M036570  |c M*1216-2  |l MMKN  |s A  |a 24  |w stu36026_0002